Project Management Institute (Record no. 119622)

MARC details
000 -LEADER
fixed length control field 00630cam a2200169 4500
001 - CONTROL NUMBER
control field WS108089
008 - FIXED-LENGTH DATA ELEMENTS--GENERAL INFORMATION
fixed length control field 000000n 000 0 eng u
035 ## - SYSTEM CONTROL NUMBER
System control number (Sirsi) u108089
041 ## - LANGUAGE CODE
Language code of text/sound track or separate title eng
110 ## - MAIN ENTRY--CORPORATE NAME
Corporate name or jurisdiction name as entry element Project Management Institute
9 (RLIN) 3933
245 ## - TITLE STATEMENT
Title Project Management Institute
520 ## - SUMMARY, ETC.
Summary, etc. US based organisation claiming to be 'the organisation of choice for project management professionals'. The site details its services to members and publications.
650 ## - SUBJECT ADDED ENTRY--TOPICAL TERM
Topical term or geographic name entry element UNITED STATES
690 ## - LOCAL SUBJECT ADDED ENTRY--TOPICAL TERM (OCLC, RLIN)
Topical term or geographic name as entry element Project management
9 (RLIN) 6261
856 40 - ELECTRONIC LOCATION AND ACCESS
Uniform Resource Identifier <a href="https://www.pmi.org">https://www.pmi.org</a>
Public note View the website free of charge at www.pmi.org...
942 ## - ADDED ENTRY ELEMENTS (KOHA)
Suppress in OPAC 0
Holdings
Withdrawn status Lost status Source of classification or shelving scheme Damaged status Not for loan Home library Current library Shelving location Date acquired Total Checkouts Full call number Barcode Date last seen Copy number Price effective from Koha item type
    Dewey Decimal Classification     Virtual Virtual Online 30/08/2000   WEB SITE 108089-2001 06/08/2019 1 06/08/2019 Online material